000 00255nam a22001097a 4500
082 _a600
100 _aNewwbauer,Heidi
_983406
245 _aNetflix Creative Companies
260 _aDelhi
_bJaico Publication House
_c2025
650 _aTech.
942 _cBK
999 _c68302
_d68302